000 00525nam a22001932 4500
001 0000005674
005 20151217160111.0
008 070620s xx 000 0 eng d
040 _aKABU
_cKABU
050 0 _aPZ90
_b.S94Z3K53
100 1 _aZani, Zachariah M.
_@0000156885
245 1 0 _aKina dada.
260 _aNairobi :
_bEAEP,
_c1984.
300 _a16 p.
908 _a070620
950 _@1
999 _c14242
_d14242